[Event "ISL-chT2 1617"]
[Site "Reykjavik"]
[Date "2017.03.03"]
[Round "5.4"]
[White "Eliasson, Kristjan Orn"]
[Black "Oskarsson, Aron Ingi"]
[Result "1/2-1/2"]
[WhiteElo "1870"]
[BlackElo "1872"]
[PlyCount "64"]
[EventDate "2016.09.30"]
[EventType "team-tourn"]
[EventRounds "7"]
[EventCountry "ISL"]
[SourceTitle "EXT 2018"]
[Source "ChessBase"]
[SourceDate "2017.10.13"]
[SourceVersion "1"]
[SourceVersionDate "2017.10.13"]
[SourceQuality "1"]
[WhiteTeam "Island"]
[BlackTeam "Vinaskakfelagid"]
[WhiteTeamCountry "ISL"]
[BlackTeamCountry "ISL"]

1. e4 e5 2. Nf3 Nc6 3. d4 exd4 4. Nxd4 Nf6 5. Nc3 Bb4 6. Nxc6 bxc6 7. Bd3 0-0 8. 0-0 d5 9. exd5 cxd5 10. Bg5 Be6 11. a3 Be7 12. Re1 Re8 13. h3 c5 14. Bb5 Rf8 15. Bf1 d4 16. Ne2 Rb8 17. b3 Nd5 18. Bd2 Bd6 19. Qc1 Qf6 20. Bg5 Qg6 21. Ng3 Bxg3 22. fxg3 Bf5 23. Re5 Nc3 24. Bf4 Rbc8 25. g4 Bxc2 26. Bc4 Rfe8 27. Qd2 Be4 28. Rf1 Rxe5 29. Bxe5 Bd5 30. Bd3 Be4 31. Bc4 Bd5 32. Bd3 Be4 1/2-1/2

[Event "SCO-ch"]
[Site "Edinburgh"]
[Date "2009.07.17"]
[Round "7"]
[White "Oskarsson, Aron Ingi"]
[Black "Ingram, Liam"]
[Result "1/2-1/2"]
[WhiteElo "1876"]
[BlackElo "1760"]
[PlyCount "20"]
[EventDate "2009.07.11"]
[EventType "swiss"]
[EventRounds "9"]
[EventCountry "SCO"]
[SourceTitle "CBM 131 Extra"]
[Source "ChessBase"]
[SourceDate "2009.09.03"]
[SourceVersion "2"]
[SourceVersionDate "2009.09.16"]
[SourceQuality "1"]

1. e4 c5 2. c3 Nf6 3. e5 Nd5 4. d4 cxd4 5. Nf3 d6 6. cxd4 Nc6 7. Bc4 Nb6 8. Bb5 e6 9. exd6 Bxd6 10. 0-0 0-0 1/2-1/2

[Event "Reykjavik TR-chC"]
[Site "Reykjavik"]
[Date "2008.11.07"]
[Round "6"]
[White "Jonsson, Olafur Gisli"]
[Black "Oskarsson, Aron Ingi"]
[Result "1-0"]
[WhiteElo "1885"]
[BlackElo "1876"]
[PlyCount "49"]
[EventDate "2008.10.26"]
[EventType "tourn"]
[EventRounds "9"]
[EventCountry "ISL"]
[SourceTitle "EXT 2010"]
[Source "ChessBase"]
[SourceDate "2010.11.25"]
[SourceVersion "1"]
[SourceVersionDate "2010.11.25"]
[SourceQuality "1"]

1. e4 e5 2. Nf3 Nc6 3. Bc4 Bc5 4. b4 Bxb4 5. c3 Ba5 6. d4 exd4 7. 0-0 h6 8. Qb3 Qe7 9. Ba3 Qf6 10. e5 Qg6 11. cxd4 Bb6 12. d5 Na5 13. Qb4 d6 14. exd6 cxd6 15. Re1+ Kd8 16. Bb5 Bd7 17. Bxd7 Kxd7 18. Qb5+ Nc6 19. Nc3 Qc2 20. dxc6+ bxc6 21. Ne5+ dxe5 22. Rad1+ Bd4 23. Rxd4+ exd4 24. Qb7+ Kd8 25. Qxa8+ 1-0

[Event "Reykjavik TR-chC"]
[Site "Reykjavik"]
[Date "2008.10.26"]
[Round "1"]
[White "Oskarsson, Aron Ingi"]
[Black "Sigurdsson, Pall"]
[Result "1-0"]
[WhiteElo "1876"]
[BlackElo "1867"]
[PlyCount "79"]
[EventDate "2008.10.26"]
[EventType "tourn"]
[EventRounds "9"]
[EventCountry "ISL"]
[SourceTitle "EXT 2010"]
[Source "ChessBase"]
[SourceDate "2010.11.25"]
[SourceVersion "1"]
[SourceVersionDate "2010.11.25"]
[SourceQuality "1"]

1. e4 e5 2. Nf3 Nc6 3. Bc4 Nf6 4. d3 Be7 5. 0-0 d6 6. c3 0-0 7. Re1 Bg4 8. Nbd2 Na5 9. Bb5 a6 10. Ba4 b5 11. Bc2 c5 12. Nf1 Nc6 13. h3 Bxf3 14. Qxf3 c4 15. Ng3 d5 16. exd5 Qxd5 17. Qxd5 Nxd5 18. dxc4 bxc4 19. Be4 Rad8 20. Rd1 Nf6 21. Rxd8 Nxd8 22. Bg5 Nxe4 23. Bxe7 Re8 24. Nxe4 Rxe7 25. Rd1 Ne6 26. Rd6 h6 27. Nd2 Nc5 28. Nxc4 e4 29. Rc6 Nd3 30. Rxa6 Rc7 31. b3 f5 32. Kf1 Kh7 33. Rd6 Nc1 34. Ra6 Nd3 35. g3 f4 36. gxf4 Rf7 37. Ne5 Rxf4 38. Nxd3 exd3 39. Rd6 Rf3 40. Kg2 1-0

[Event "Reykjavik-ch"]
[Site "Reykjavik"]
[Date "2008.01.11"]
[Round "3"]
[White "Oskarsson, Aron Ingi"]
[Black "Finnbogadottir, Tinna Kristin"]
[Result "1-0"]
[WhiteElo "1868"]
[BlackElo "1658"]
[PlyCount "79"]
[EventDate "2008.01.06"]
[EventType "swiss"]
[EventRounds "9"]
[EventCountry "ISL"]
[SourceTitle "EXT 2009"]
[Source "ChessBase"]
[SourceDate "2008.11.26"]
[SourceVersion "1"]
[SourceVersionDate "2008.11.26"]
[SourceQuality "1"]

1. e4 c5 2. Nf3 e6 3. d4 cxd4 4. Nxd4 a6 5. Nc3 Qc7 6. Be3 Nf6 7. f3 Be7 8. Qd2 d6 9. 0-0-0 Nbd7 10. Kb1 b5 11. g4 Nb6 12. Qf2 Nfd7 13. f4 Bb7 14. Rg1 b4 15. Nce2 Bxe4 16. Ng3 Bd5 17. f5 e5 18. Nb3 Nc4 19. Rxd5 Nf6 20. Bxc4 Qxc4 21. Rdd1 Nxg4 22. Qd2 Rc8 23. Rg2 d5 24. h3 Nf6 25. Bg5 d4 26. Bxf6 Bxf6 27. Nh5 Kf8 28. Rdg1 Ke7 29. Nxg7 e4 30. Nh5 Be5 31. Qg5+ f6 32. Qg7+ Kd6 33. Nxf6 Qc6 34. Qh6 Kc7 35. Rg7+ Kb8 36. Nd7+ Ka8 37. Qxc6+ Rxc6 38. Nxe5 Rcc8 39. Nxd4 Rhe8 40. Nec6 1-0

[Event "Reykjavik-ch"]
[Site "Reykjavik"]
[Date "2008.01.06"]
[Round "1"]
[White "Oskarsson, Aron Ingi"]
[Black "Sigfusson, Sigurdur Dadi"]
[Result "0-1"]
[WhiteElo "1868"]
[BlackElo "2313"]
[PlyCount "80"]
[EventDate "2008.01.06"]
[EventType "swiss"]
[EventRounds "9"]
[EventCountry "ISL"]
[SourceTitle "EXT 2009"]
[Source "ChessBase"]
[SourceDate "2008.11.26"]
[SourceVersion "1"]
[SourceVersionDate "2008.11.26"]
[SourceQuality "1"]

1. e4 e5 2. Nf3 Nc6 3. Bc4 Nf6 4. d3 h6 5. 0-0 g6 6. Re1 d6 7. c3 Bg7 8. Nbd2 0-0 9. Nf1 d5 10. Bb3 Be6 11. Ng3 Re8 12. h3 a6 13. Be3 Kh7 14. Bc2 d4 15. cxd4 exd4 16. Bd2 Nd7 17. Bb3 Nc5 18. Bxe6 Rxe6 19. Qc2 Qe7 20. Ne2 Qf8 21. Qc4 b5 22. Qc2 Rd8 23. Rac1 Nxe4 24. Nf4 Nxd2 25. Nxe6 Nxf3+ 26. gxf3 fxe6 27. Qxc6 Rd5 28. Rxe6 Rg5+ 29. Kf1 Qf5 30. Ke2 Qxh3 31. Re7 Rf5 32. Rxg7+ Kxg7 33. Qd7+ Kf6 34. Qd8+ Ke5 35. Qxc7+ Kf6 36. Qd8+ Ke5 37. Qe7+ Kf4 38. Qe4+ Kg5 39. Rg1+ Kf6 40. Qc6+ Ke7 0-1